• 首页
  • 本馆介绍
  • 公告通知
  • 最新文献
  • 馆藏检索
  • 电子资源
  • 读者导购
  • 参考咨询
  • 我的图书馆
  • 登录
  • 详细信息显示
  • 放入我的书架
  • 预约/预借图书
  • 作者相关作品
  • 分类相关作品
  • 丛书相关作品
  • 出版社相关作品

书目信息

  • 表格格式
  • 工作单格式
  • 卡片格式
题名:
公民行为
    
 
作者: 肖扬 主编 ;李雅云 册主编
分册:   婚姻家庭行为
出版信息: 北京   人民日报出版社  2002
页数: 22,250页
开本: 20cm
丛书名:
单 册:
中图分类: D920.5 , D923.904
科图分类:
主题词: 法律--基本知识--中国 , 婚姻法--基本知识--中国 , 法律 , 婚姻法
电子资源:
ISBN: 7-80153-449-2
000 00962nam0 2200289 450
001 1253566015
005 20121003145341.51
010    @a7-80153-449-2@dCNY14.00
100    @a20021121d2002 em y0chiy0110 ea
101 0  @achi
102    @aCN@b110000
105    @ay z 000yy
200 1  @a公民行为@Agong min xing wei shi wan ge zen me ban@e十万个怎么办@i婚姻家庭行为@f肖扬主编@g李雅云册主编
210    @a北京@c人民日报出版社@d2002
215    @a22,250页@d20cm
300    @a全国“四五”普法推荐读物
330    @a本书为配合全国“四五”普法活动进行编写,结合我国公民现有的法律水平实际,设计了226个有关婚姻家庭问题的问答,对广大公民进行了婚姻法知识普及。
606 0  @a法律@x基本知识@y中国
606 0  @a婚姻法@x基本知识@y中国
606 0  @a法律
606 0  @a婚姻法
690    @aD920.5@v4
690    @aD923.904@v4
701  0 @a肖扬@Axiao yang@4主编
702  0 @a李雅云@Ali ya yun@4册主编
801  0 @aCN@bNLC@c20101222
905    @a10447@dD920.5@eJY62
    
    公民行为:十万个怎么办.婚姻家庭行为/肖扬主编/李雅云册主编.-北京:人民日报出版社,2002
    22,250页;20cm
    全国“四五”普法推荐读物
    
    ISBN 7-80153-449-2:CNY14.00
    本书为配合全国“四五”普法活动进行编写,结合我国公民现有的法律水平实际,设计了226个有关婚姻家庭问题的问答,对广大公民进行了婚姻法知识普及。
●
相关链接 在E读中查询图书 在五车中查询图书 在当当中查询图书 在豆瓣中查询图书


正题名:公民行为     索取号:D920.5/JY62         预约/预借

序号 登录号 条形码 馆藏地/架位号 状态 备注
1 7812882   278128820   学院路分馆/ [索取号:D920.5/JY62] 在馆    
2 7812883   278128839   学院路分馆/ [索取号:D920.5/JY62] 在馆    
3 7812884   278128848   学院路分馆/ [索取号:D920.5/JY62] 在馆    
4 7812885   278128857   学院路分馆/ [索取号:D920.5/JY62] 在馆    
唐山师范学院图书馆 欢迎您!
大连网信软件有限公司© 版权所有